La symphonie Napoleón
Novela tragicómica que narra la historia del emperador Napoleón Bonaparte junto a sus cortesanos (de expresiones exageradas), combinando un estilo narrativo cómico con elementos históricos que vuelven la lectura fascinante por sus personajes tan memorables
Đã lưu trong:
| Tác giả chính: | |
|---|---|
| Định dạng: | Sách |
| Ngôn ngữ: | Undetermined |
| Được phát hành: |
París, Francia
Robert Laffont
1977
|
| Những chủ đề: | |
| Các nhãn: |
Thêm thẻ
Không có thẻ, Là người đầu tiên thẻ bản ghi này!
|
MARC
| LEADER | 00000nam a2200000Ia 4500 | ||
|---|---|---|---|
| 008 | 170316s9999 xx 000 0 und d | ||
| 040 | |a cru BVZT | ||
| 090 | |a 820 B-29s | ||
| 100 | |a Burgess, Anthony | ||
| 245 | |a La symphonie Napoleón | ||
| 260 | |a París, Francia | ||
| 260 | |b Robert Laffont | ||
| 260 | |c 1977 | ||
| 300 | |a 603 páginas | ||
| 520 | |a Novela tragicómica que narra la historia del emperador Napoleón Bonaparte junto a sus cortesanos (de expresiones exageradas), combinando un estilo narrativo cómico con elementos históricos que vuelven la lectura fascinante por sus personajes tan memorables | ||
| 650 | |a LITERATURA INGLESA |9 12 | ||
| 999 | |c 6743 |d 6743 | ||
| 942 | |c 15 D |h 820 B-29s |2 z | ||
